000 01539nam a2200373Ia 4500
001 ebr10112905
003 CaPaEBR
006 m u
007 cr cn|||||||||
008 050707s2005 ncua s 001 0 eng d
020 _z073849223X
040 _aCaPaEBR
_cCaPaEBR
035 _a(OCoLC)61454117
050 1 4 _aTK5105.8885.W43
_bK455 2005eb
082 0 4 _a005.3/76
_222
100 1 _aKhimani, Bina.
245 1 0 _aPlanning for the installation and rollout of WebSphere Studio Application Monitor 3.1
_h[electronic resource] /
_cBina Khimani, Richard Mackler.
250 _a1st ed.
260 _aResearch Triangle Park, N.C. :
_bIBM Corp., International Technical Support Organization,
_cc2005.
300 _ax, 118 p. :
_bill.
490 1 _aRedbooks
500 _aIncludes index.
500 _a"This edition applies to Version 3, Release 1, Modification 0 of WebSphere Studio Application Monitor for Multiplatforms (product number 5724-K79)."
500 _a"April 2005."
533 _aElectronic reproduction.
_bPalo Alto, Calif. :
_cebrary,
_d2009.
_nAvailable via World Wide Web.
_nAccess may be limited to ebrary affiliated libraries.
630 0 0 _aWebSphere.
650 0 _aWeb servers
_xProgramming.
650 0 _aApplication software.
655 7 _aElectronic books.
_2local
700 1 _aMackler, Richard.
_4aut
710 2 _aebrary, Inc.
830 0 _aIBM redbooks.
856 4 0 _uhttp://site.ebrary.com/lib/rucke/Doc?id=10112905
_zAn electronic book accessible through the World Wide Web; click to view
999 _c106672
_d106672